COOPERATIVISMO REAL Y SOCIEDAD (Record no. 1560)

MARC details
000 -LEADER
campo de control de longitud fija 00459nam a22001577a 4500
001 - NÚMERO DE CONTROL
campo de control 6615
005 - FECHA Y HORA DE LA ÚLTIMA TRANSACCIÓN
campo de control 20250602012210.0
008 - DATOS DE LONGITUD FIJA--INFORMACIÓN GENERAL
campo de control de longitud fija 5230202012 dr
082 ## - NÚMERO DE LA CLASIFICACIÓN DECIMAL DEWEY
Número de clasificación RD 334
Número de ítem C7442c
100 ## - ENTRADA PRINCIPAL--NOMBRE DE PERSONA
Nombre de persona CONCEPCION YANIO
245 ## - MENCIÓN DEL TÍTULO
Título COOPERATIVISMO REAL Y SOCIEDAD
Mención de responsabilidad, etc. Yanio Concepción.
250 ## - MENCION DE EDICION
Mención de edición 1a. ed.
260 ## - PUBLICACIÓN, DISTRIBUCIÓN, ETC.
Lugar de publicación, distribución, etc. Santo Domingo :
Nombre del editor, distribuidor, etc. AMIGO DEL HOGAR
300 ## - DESCRIPCIÓN FÍSICA
Extensión 280 p. / 21.5 cm
650 ## - PUNTO DE ACCESO ADICIONAL DE MATERIA--TÉRMINO DE MATERIA
Término de materia o nombre geográfico como elemento de entrada 1 COOPERATIVAS 2 COOPERATIVISMO REPUBLICA DOMINICANA
Holdings
Estatus retirado Estado de pérdida Estado de daño No para préstamo Colección Biblioteca de origen Biblioteca actual Fecha de adquisición Total de préstamos Signatura topográfica completa Código de barras Visto por última vez Copia número Precio de reemplazo Tipo de ítem Koha
        Acervo general de Libros Biblioteca Central Mons. Favio M. Rivas S. Biblioteca Central Mons. Favio M. Rivas S. 07/04/2014   RD 334 000000002067 23/05/2025 1 23/05/2025 Libros
        Acervo general de Libros Biblioteca Central Mons. Favio M. Rivas S. Biblioteca Central Mons. Favio M. Rivas S. 26/05/2015   RD 334 000000003860 23/05/2025 2 23/05/2025 Libros